| 000 | 01163nam a22003017a 4500 | ||
|---|---|---|---|
| 001 | 7855 | ||
| 003 | FISKH | ||
| 005 | 20250820092320.0 | ||
| 008 | 250812b cb ||||| |||| 00| 0 eng d | ||
| 020 | _a9781407142784 | ||
| 040 |
_aFISKH _beng _cFISKH _dFISKH |
||
| 050 | _a823.9 | ||
| 082 | _aPZ7 | ||
| 100 |
_aUmansky, Kaye _d(1946-) |
||
| 245 |
_aBuster's big surprise / _cBy Kaye Umansky |
||
| 250 | _aThis edition first published in 2014 | ||
| 260 |
_aLondon : _bScholastic, _c2003 |
||
| 300 |
_a43 pages : _bcolor illustrations ; _c19 cm |
||
| 505 | _aP | ||
| 520 | _aGet ready to read! LITTLE RED ROBINS are ideal for sharing and reading together. Buster Gutt is the biggest, baddest pirate who ever sailed the seven seas ... and Admiral Goldglove is hot on the trail! Buster's crew are starving. Weevils gobbled their biscuits - they need nosh now! Luckily Allspice island is dead ahead - but there's a big surprise waiting for the hungry horde! | ||
| 521 | 8 |
_a600
_bLexile |
|
| 521 | 8 |
_aP
_bRaz-Plus |
|
| 650 |
_2Surprise _aShip |
||
| 650 |
_2Sea _aBoast |
||
| 700 |
_aBeech, Mark _dillustrator |
||
| 942 |
_2ddc _cBK _n0 |
||
| 999 |
_c7855 _d7855 |
||